000 01259nam a2200241Ia 4500
999 _c36207
_d36207
001 2110
003 GE_BSU
005 20190514182431.0
008 181216s2008||||ge |||||||||||||| ||geo||
040 _cGE_BSU
041 _ageo
080 _a616.45–001.1/3 ხ–22
100 _aხანანაშვილი, მ.
_91134
245 _aინფორმაციული სტრესი /
_cმ. ხანანაშვილი ; საქართველოს მეცნიერებათა ეროვნული აკადემია ; [რედ. ც. ორჯონიკიძე].
264 _aთბილისი :
_bსაქართველოს მეცნიერებათა ეროვნული აკადემიის გამომცემლობა,
_c2008.
300 _a166გვ.;
_b20 სმ.
504 _aბიბლიოგრ. : გვ. 154–164.
653 _aფსიქოლოგია
653 _aსტრესი
700 _aორჯონიკიძე, ც.
_eრედაქტორი
_91135
710 _aსაქართველოს მეცნიერებათა ეროვნული აკადემია
_91136
942 _cBK
_2udc